Responses for Show #1650 - Friday, November 1, 1991

Contestants

[<< previous game]

Bill Gerardi, a physician and management consultant originally from Waterbury, Connecticut

John McGill, an electrical lineman from Wallingford, Pennsylvania

Greg Shepherd, a college music instructor from Honolulu, Hawaii (whose 3-day cash winnings total $25,802)

[next game >>]

Jeopardy! Round responses

KENTUCKY
4-LETTER WORDS
ACTORS & ACTRESSES
MUSICAL INSTRUMENTS
NONFICTION
HOLIDAYS & OBSERVANCES
    $100 26
Louisville Sluggers

Greg
    $100 21
sour

Bill
    $100 14
Jean Harlow

Bill
    $100 1
a clapper

John
    $100 2
the Warren Commission

Bill
    $100 9
Lent

Bill
    $200 27
the Corvette

Bill
    $200 22
(Bill: What is rook?)

pawn

JohnBill
    $200 15
The Caine Mutiny

Bill
    $200 4
trombones

Greg
    $200 3
(Bill: What is her dog?)

my cat

GregBill
    $200 10
trick or treat

Bill
    $300 28
Lincoln

Greg
    $300 23
plow

Bill
    $300 16
Peter O'Toole

Bill
    $300 5
a tom tom

John
    $300 6
Alistair Cooke

Greg
    $300 11
the boar's head

Greg
    $1,000 29
(Greg: What is Lexington?)

Mammoth Cave National Park

Greg
    $400 24
a grip

John
    $400 17
Lindsay Wagner

John
    $400 7
a harmonica

Triple Stumper
    $400 19
Anne Morrow Lindbergh

Bill
    $400 12
(Alex: Ooh, hurry.)
(Bill: Who is George Washington Car--)
(Alex: Sorry, you took too long.)

George Washington Carver

GregBill
    $500 30
(John Y.) Brown (Jr.)

Bill
    $500 25
(Alex: We have less than a minute to go.)

teal

John
    $500 18
(Greg: Who is Orson Welles?)
...
(Alex: Orson Welles was many things, but he was not known as a film comedian.)

W.C. Fields

Greg
Triple Stumper
    $500 8
a xylophone

Greg
    $500 20
(Greg: Who is Ms. Kelley?)

Joan Quigley

Greg
Triple Stumper
    $500 13
July 14

John

Scores at the first commercial break (after clue 14):

Greg John Bill
$1,900 $900 -$100

Scores at the end of the Jeopardy! Round:

Greg John Bill
$300 $2,400 $1,700

Double Jeopardy! Round responses

SHAKESPEAREAN CHARACTERS
GOVERNMENT & POLITICS
GRAB BAG
(Alex: GRAB BAG, of course, is very much like a POTPOURRI category.)
HISTORY
BOTANY
COLORFUL GEOGRAPHY
    $200 9
(Greg: Who is Marc Antony?)
(Bill: Who is Julius Caesar?)
...
(Alex: Greg knew that, but he spoke too soon.)

Titus Andronicus

GregBill
Triple Stumper
    $200 6
(John: What is a proxy ballot?)

absentee

GregJohn
    $200 21
(Greg: What is goat's milk?)
...
(Alex: ...with less than a minute to go.)

sheep's milk

Greg
Triple Stumper
    $200 1
Venus

Greg
    $200 8
the Black Forest

Greg
    $400 10
Gloucester

Greg
    $400 7
the surgeon general

John
    $400 22
The Economist

Bill
    $400 2
Ming

Greg
    $400 17
(Greg: What is White? [*]?)

White Russia

Greg
    $600 11
(Greg: Who is Titania?)

Hippolyta

Greg
Triple Stumper
    $600 16
Lloyd Bentsen

John
    $600 23
Doctorow

Greg
    $600 3
(Bill: What is Boleyn?)

Cleves

GregBill
    $600 18
Green Bay

Triple Stumper
    $800 12
Caliban

Triple Stumper
    $1,500 15
Sandra Day O'Connor & Antonin Scalia (& Anthony Kennedy)

Bill
    $800 4
(John: Who is Amerigo Vespucci?)

Giovanni da Verrazano

John
Triple Stumper
    $800 26
(Greg: GRAB BAG for $800, please.)
[The end-of-round signal sounds.]
(Alex: Answer there will remain hidden.)

agronomy

Greg
    $800 19
(Greg: What is Yellow?)

the Red River

GregJohn
    $1,500 13
(Greg: Uh, what are the Married Wi--Wi--Merry Wives of Windsor?)

As You Like It

Greg
    $1000 14
Lee Atwater

Bill
    $1000 24
(Greg: Who is...)
(Alex: Hurry.)
(Greg: [*]?)
(Alex: Yes! And you got it in in the nick of time.)

Aristophanes

Greg
    $1000 5
the Franco-Prussian War

John
    $1000 25
(Greg: What is a protozoa?)

a lichen

Greg
Triple Stumper
    $1000 20
(Bill: What is White River Junction?)

Yellowknife

Bill
Triple Stumper

Scores at the end of the Double Jeopardy! Round:

Greg John Bill
$800 $4,200 $2,800

[wagering suggestions for these scores]

Final Jeopardy! Round responses

ASIAN CAPITALS
GregWhat is Singapore?
$800
BillWhat is Singapore?
$2,800
JohnWhat is Singapore?
$2,000
New Delhi

Final scores:

Greg John Bill
$0 $2,200 $0
3rd place: Dahon Classic folding bike + Nintendo Entertainment System with Super Jeopardy! & Wheel of Fortune + InfoGenius for Nintendo Game Boy New champion: $2,200 2nd place: a trip on Delta Airlines to Tampa, Florida with stay at Safety Harbor Spa & Fitness Center

Game dynamics:

Coryat scores:

Greg John Bill
$3,300 $4,200 $2,100
18 R,
9 W
(including 2 DDs)
11 R,
2 W
14 R
(including 1 DD),
6 W

Combined Coryat: $9,600

[game clues] [game scores] [suggest correction]

Game tape date: 1991-09-10
The J! Archive is created by fans, for fans. Scraping, republication, monetization, and malicious use prohibited; this site may use cookies and collect identifying information. See terms. The Jeopardy! game show and all elements thereof, including but not limited to copyright and trademark thereto, are the property of Jeopardy Productions, Inc. and are protected under law. This website is not affiliated with, sponsored by, or operated by Jeopardy Productions, Inc. Join the discussion at JBoard.tv.